Visualizzazione normale
Vista MARC
- Cultura
di Topical Term
Records bibliografici associati: 2
001 - CONTROL NUMBER
- control field: 48851
003 - CONTROL NUMBER IDENTIFIER
- control field: IT-RoINE
005 - DATE AND TIME OF LATEST TRANSACTION
- control field: 20180510102407.0
008 - FIXED-LENGTH DATA ELEMENTS
- fixed length control field: 180510|| aca||aabn | a|a d
040 ## - CATALOGING SOURCE
- Original cataloging agency: IT-RoINE
- Transcribing agency: IT-RoINE
150 ## - HEADING--TOPICAL TERM
- Topical term or geographic name as entry element: Cultura
670 ## - SOURCE DATA FOUND
- Source citation: Work cat.: (IT-RoINE)0: Delgado Espinosa, Honorio, 1892-1969 48850, De la cultura y sus artífices /, 1961.